UM Logo

Malolos: (Record no. 7305)

MARC details
000 -LEADER
fixed length control field 00555nam a22001817a 4500
008 - FIXED-LENGTH DATA ELEMENTS--GENERAL INFORMATION
fixed length control field 170817b xxu||||| |||| 00| 0 eng d
020 ## - INTERNATIONAL STANDARD BOOK NUMBER
International Standard Book Number 9715420966
082 ## - DEWEY DECIMAL CLASSIFICATION NUMBER
Edition number 1997
Classification number DFil 959.9027
Item number Ag7
100 ## - MAIN ENTRY--PERSONAL NAME
9 (RLIN) 22201
Personal name Agoncillo, Teodoro A.
245 ## - TITLE STATEMENT
Title Malolos:
Remainder of title the crisis of the republic/
Statement of responsibility, etc. Teodoro A. Agoncillo.
250 ## - EDITION STATEMENT
Edition statement 1997 ed.
260 ## - PUBLICATION, DISTRIBUTION, ETC. (IMPRINT)
Place of publication, distribution, etc. Quezon City:
Name of publisher, distributor, etc. UP Press,
Date of publication, distribution, etc. c1997.
300 ## - PHYSICAL DESCRIPTION
Extent x, 700 pages;
Dimensions 23 cm.
500 ## - GENERAL NOTE
General note Includes bibliography, appendices and index.
650 #0 - SUBJECT ADDED ENTRY--TOPICAL TERM
9 (RLIN) 22202
Topical term or geographic name as entry element Malolos.
365 ## - TRADE PRICE
Price type code Php.
Price amount 810.00
942 ## - ADDED ENTRY ELEMENTS (KOHA)
Source of classification or shelving scheme Dewey Decimal Classification
Koha item type Filipiniana
Holdings
Withdrawn status Lost status Source of classification or shelving scheme Damaged status Not for loan Collection code Home library Current library Date acquired Source of acquisition Total Checkouts Full call number Barcode Date last seen Cost, replacement price Price effective from Koha item type
    Dewey Decimal Classification     Filipiniana UM Digos College - LIC UM Digos College - LIC 05/20/2004 Purchased   DFil 959.9027 Ag7 1997 17174 05/15/2025 810.00 08/17/2017 Filipiniana